Structured analysis and system specification /
Guardado en:
| Autor Principal: | |
|---|---|
| Otros Autores: | |
| Formato: | Libro |
| Idioma: | English |
| Publicado: |
Englewood Cliffs, N.J. :
Prentice-Hall,
c1979.
|
| Series: | Prentice-Hall software series
|
| Materias: | |
| Etiquetas: |
Agregar Etiqueta
Sin Etiquetas, Sea el primero en etiquetar este registro!
|
| LEADER | 00938pam a22002775a 4500 | ||
|---|---|---|---|
| 001 | EIQ.libpla001554 | ||
| 008 | 790329s1979####njua#####b####001#0#eng#d | ||
| 005 | 20061107151849.0 | ||
| 245 | 1 | 0 | |a Structured analysis and system specification / |c by Tom DeMarco ; foreword by P. J. Plauger. |
| 260 | |a Englewood Cliffs, N.J. : |b Prentice-Hall, |c c1979. | ||
| 300 | |a xiv, 352 p. : |b il. ; |c 24 cm. | ||
| 440 | 0 | |a Prentice-Hall software series | |
| 500 | |a "A Yourdon book." | ||
| 504 | |a Bibliografía: p. 347-348. | ||
| 500 | |a Incluye índice. | ||
| 020 | |a 0138543801 | ||
| 100 | 1 | |a DeMarco, Tom. | |
| 700 | 1 | |a Plauger, P. j. |4 aui | |
| 082 | 0 | 0 | |a 658.4/032 |
| 650 | 4 | |a Computadores |x Análisis de sistemas. | |
| 650 | 4 | |a Computadores |x Organigramas. | |
| 650 | 4 | |a Computers |x Flow charts. | |
| 650 | 4 | |a Computers |x System analysis. | |
| 010 | |a 79014655 | ||
| 040 | |a DLC |c DLC |d AR-BbSID | ||
| 859 | |a AR-BbSID |b BIB. PLAPIQUI |h 658.403 2 |i D 39 |p 2000 | ||
